01703cam a22004097a 4500003000500000005001700005008004100022010001000063011001000073035001000083040000900093090001000102100004500112245010100157260004100258300001100299502008400310530003600394590003700430590004100467590004100508590004100549590004100590590004100631590004200672650005600714650002300770856006300793901000700856905002600863942000900889949006200898949004900960999001701009952014001026952012701166CHAP20220329142746.0030611s2003 mx r 00010 spa d a87355 a88327 a98872 cCHAP aTesis00aUrbalejo Guerra, Carlos Vicente.911682113aLa conversión religiosa del indígena Tzotzil en Chiapasc/por Carlos Vicente Urbalejo Guerra aChapingo, Méx. :bEl autor,c2003. a481 h. aTesis (Doctor en Ciencias Agrarias) -- UACH. Departamento de Sociología Rural aTambién disponible en línea aALEPHb10c20130110lUCH01h1454 aBATCH-UPDb10c20130110lUCH01h0617 aBATCH-UPDb10c20130410lUCH01h0300 aBATCH-UPDb10c20130914lUCH01h1631 aBATCH-UPDb10c20140324lUCH01h1439 aBATCH-UPDb10c20141002lUCH01h0818 aCONVERSIONb10c20130109lUCH01h134814aIndios de ChiapasxReligión y mitología.95759914aTzotziles.9115758 2Finding aiduhttp://10.13.5.2/tesis/98872.pdfzTeclea aqui aBK aAlejandra Carrasco M. cFOLL aTesisbBCcTESd33724000895033eTS2fc.2h41038i98872sb aTesisbBCcTESd988721eTS1h41037i98872sb c87355d87355 00102local4053708TESISaBCbBCcPA_TESISd2019-12-31fTESISl0oTesisp33724000895033r2019-12-31 00:00:00tc.2w2019-12-31yTESIS 00102local4051708TESISaBCbBCcPA_TESISd2019-12-31fTESISl0oTesisp988721r2019-12-31 00:00:00w2019-12-31yTESIS